00600nam a2200193Ia 4500008004100000020001300041082001600054100003900070245002300109250000800132260003600140300002700176500001900203600002700222650001500249942000700264952012000271999001500391240925s9999 xx 000 0 und d a71219005 a621.381 GRO aGrob, Bernard; Schultz, Mitchel E 0aBasic Electronics  a9th aNew York:bMc Graw HIllc,2003. axii,612p.bNAfPirated aIncludes Index aEngineering Technology aTechnology cBK 001040708ETaUITUbUITUd2005-04-04eP.I.A g2060.37l0o621.381 GROpQ6189r2024-09-25 07:14:06w2024-09-25yBK c8688d8688